Central Library OPAC University of Rajshahi

Population economics : (Record no. 57779)

MARC details
000 -LEADER
fixed length control field 00721nam a2200229 a 4500
001 - CONTROL NUMBER
control field 57779
003 - CONTROL NUMBER IDENTIFIER
rucl marc code BD-RjUL
005 - DATE AND TIME OF LATEST TRANSACTION
control field 20211209080542.0
008 - FIXED-LENGTH DATA ELEMENTS--GENERAL INFORMATION
fixed length control field 161211s1993 ii a b 00100 eng d
020 ## - INTERNATIONAL STANDARD BOOK NUMBER
International Standard Book Number 8171005187
035 ## - SYSTEM CONTROL NUMBER
System control number (BD-RjUL)57903
040 ## - CATALOGING SOURCE
Original cataloging agency ANL
Language of cataloging eng
Transcribing agency ANL
Modifying agency BD-RjUL
041 ## - LANGUAGE CODE
Language code of text/sound track or separate title eng
082 0# - DEWEY DECIMAL CLASSIFICATION NUMBER
Classification number 304.60954
Edition number 23
Author mark and year GHP 1993
100 1# - MAIN ENTRY--PERSONAL NAME
Personal name Ghosh, B. N.
9 (RLIN) 171594
245 10 - TITLE STATEMENT
Title Population economics :
Remainder of title an analysis of human resources development /
Statement of responsibility, etc. B.N. Ghosh.
260 ## - PUBLICATION, DISTRIBUTION, ETC. (IMPRINT)
Place of publication, distribution, etc. New Delhi :
Name of publisher, distributor, etc. Deep & Deep Publications,
Date of publication, distribution, etc. c1993.
300 ## - PHYSICAL DESCRIPTION
Pagination xiii, 436 p. :
Illustrations ill. ;
Size 22 cm.
504 ## - BIBLIOGRAPHY, ETC. NOTE
Bibliography, etc Includes bibliographical references (p. [427]-430) and index.
651 #0 - SUBJECT ADDED ENTRY--GEOGRAPHIC NAME
Geographic name India
General subdivision Population
9 (RLIN) 171595
942 ## - ADDED ENTRY ELEMENTS (KOHA)
Source of classification or shelving scheme Dewey Decimal Classification
Koha item type Books
Holdings
Lost status Source of classification or shelving scheme Damaged status Not for loan Collection code Permanent Location Current Location Shelving location Date acquired Source of acquisition Cost, normal purchase price Total Checkouts Full call number Date last seen Copy number Koha item type
  Dewey Decimal Classification   Not For Loan Non-fiction Central Library, University of Rajshahi Central Library, University of Rajshahi Reading Room 12/06/1999 Dhaka, Ankur Prakashani 383.00   304.60954 GHP 1993 11/12/2016 C-1 Books